Normal view
MARC view
Entry Personal Name
001 - CONTROL NUMBER
- control field: 19388
003 - CONTROL NUMBER IDENTIFIER
- control field: ARRUPE
005 - DATE AND TIME OF LATEST TRANSACTION
- control field: 20150907141634.0
008 - FIXED-LENGTH DATA ELEMENTS
- fixed length control field: 150907|| aca||aabn | a|a d
040 ## - CATALOGING SOURCE
- Original cataloging agency: ARRUPE
- Transcribing agency: ARRUPE
100 ## - HEADING--PERSONAL NAME
- Personal name: Bakhtin, M. M.
- Fuller form of name: (Mikhail Mikhaĭlovich),
- Dates associated with a name: 1895-1975.
670 ## - SOURCE DATA FOUND
- Source citation: Work cat.: (ARRUPE)0: Holquist, Michael, 1935- 19387, Dialogism :, 2002.